000 00319nam a22001337a 4500
008 180130b xxu||||| |||| 00| 0 eng d
020 _a9780750604970
041 _aeng
080 _a610
100 _a6
101 _aANE
245 _aCase Presentations in Anaesthesia & Intensive Care
_cPower, K.J
942 _2udc
_cBK
999 _c41219
_d41219